000 00545nam a2200157 4500
008 170305b xxu||||| |||| 00| 0 eng d
022 _a01153544
082 _aDPer 338.05 En86 Apr-Jul 2015 v. 15, n. 158-161
100 _919002
_aPe, Charlene
245 _aMastering the pitch: how to get investors to say yes/
_cCharlene Pe.
260 _aPhilippines:
_bSummit Media,
_cApr-Jul 2015.
300 _av15 n159, pages 23-25:
_billustrations,
_c28 cm.
500 _aEntrepreneur.
650 0 _919003
_aBusiness
_xInvestors
942 _2ddc
_cPER
999 _c6332
_d6332